| 000 | 01008na a2200301 4500 | ||
|---|---|---|---|
| 001 | 16779 | ||
| 003 | MIRAKIL | ||
| 005 | 20181213154826.0 | ||
| 008 | 161013b tu 000 0 | ||
| 020 | _a9786055614331 | ||
| 035 | _a16779 | ||
| 040 |
_aMilas _btur _cTR-AnCHP |
||
| 041 | _atur | ||
| 082 |
_a340.09561 _bA54h 2010 |
||
| 090 | _a340.09561 A54h 2010 | ||
| 110 | _aAnkara Barosu | ||
| 222 | _aHukuk merceği | ||
| 245 |
_aHukuk merceği 12 _bkonferanslar ve paneller (25 Nisan 2008-24 Temmuz 2008) _cAnkara Barosu |
||
| 260 |
_aAnkara _bAnkara Barosu _c2010 |
||
| 300 |
_a524 s. _c24 sm. |
||
| 500 | _aKütüphanemizde 6, 7, 9, 10, 11, 12. ciltler bulunmaktadır. | ||
| 500 | _aEser çeşitli konferansları, panelleri ve söyleşileri içermektedir. | ||
| 650 |
_aOrgan nakli _xHukuki sorunlar _yToplantılar _zTürkiye |
||
| 650 |
_aİcra hukuku _yToplantılar _zTürkiye |
||
| 650 |
_aMülteci hakları _yToplantılar |
||
| 650 |
_aBilişim suçları _yToplantılar |
||
| 942 |
_2ddc _cBKS |
||
| 999 |
_c1544 _d1544 |
||